Welfare Economics (Record no. 1393705)

MARC details
000 -LEADER
fixed length control field 00615nam a2200265Ia 4500
008 - FIXED-LENGTH DATA ELEMENTS--GENERAL INFORMATION
fixed length control field 160620s9999||||xx |||||||||||||| ||und||
040 ## - CATALOGING SOURCE
Transcribing agency English
082 ## - DEWEY DECIMAL CLASSIFICATION NUMBER
Classification number XI.B/Little
082 ## - DEWEY DECIMAL CLASSIFICATION NUMBER
Item number BORI-107565
100 ## - MAIN ENTRY--PERSONAL NAME
Personal name I. M. D. Little
245 ## - TITLE STATEMENT
Title Welfare Economics
250 ## - EDITION STATEMENT
Remainder of edition statement Second
300 ## - PHYSICAL DESCRIPTION
Extent x+302
300 ## - PHYSICAL DESCRIPTION
Dimensions A
300 ## - PHYSICAL DESCRIPTION
Accompanying material Paperback
530 ## - ADDITIONAL PHYSICAL FORM AVAILABLE NOTE
Uniform Resource Identifier <a href="00107565.pdf">00107565.pdf</a>
563 ## - BINDING INFORMATION
Binding note Study
600 ## - SUBJECT ADDED ENTRY--PERSONAL NAME
Personal name I. M. D. Little
630 ## - SUBJECT ADDED ENTRY--UNIFORM TITLE
Uniform title Welfare Economics
650 ## - SUBJECT ADDED ENTRY--TOPICAL TERM
Topical term or geographic name as entry element General Indology
650 ## - SUBJECT ADDED ENTRY--TOPICAL TERM
Topical term or geographic name as entry element Social History
700 ## - ADDED ENTRY--PERSONAL NAME
Personal name I. M. D. Little
730 ## - ADDED ENTRY--UNIFORM TITLE
Uniform title Welfare Economics
942 ## - ADDED ENTRY ELEMENTS (KOHA)
Koha item type Book
Holdings
Withdrawn status Lost status Damaged status Not for loan Home library Current library Date acquired Total Checkouts Full call number Barcode Date last seen Price effective from Koha item type
        Bhandarkar Oriental Research Institute, Pune Bhandarkar Oriental Research Institute, Pune 12/01/2011   BORI-107565 BORI-107565 06/21/2016 06/21/2016 Book